000 00348nam a2200145Ia 4500
005 20251222143256.0
008 251222s9999||||xx |||||||||||||| ||spa||
020 _a978-964-2824-39-7
082 _a298/E41
100 _aElía, Ricardo H. S.
245 0 _aLa Civilización del Islam
250 _a2a.ed.
264 _bElhame Shargh
942 _cLIB
999 _c15161
_d15161